[Event "9th Asia-ch (women)"]
[Site "Chennai IND"]
[Date "2001.09.03"]
[Round "1"]
[White "Vijayalakshmi, Subbaraman"]
[Black "Thipsay, Bagyashree Sathe"]
[Result "1-0"]
[WhiteElo "2397"]
[BlackElo "2241"]
[EventDate "2001.09.03"]
[PlyCount "115"]

1.d4 e6 2.c4 f5 3.g3 Nf6 4.Bg2 c6 5.Nf3 d5 6.O-O Bd6 7.b3 Qe7 8.a4 a5 9.
Ba3 Bxa3 10.Nxa3 O-O 11.Nc2 Bd7 12.Nce1 Be8 13.Nd3 Nbd7 14.Nfe5 Bh5 15.Qc2
Nxe5 16.Nxe5 Ng4 17.Nd3 Rf6 18.h3 Nh6 19.Rab1 Nf7 20.c5 e5 21.e3 e4 22.Nf4
Rh6 23.b4 Bf3 24.Bxf3 exf3 25.Qxf5 Rf8 26.Qg4 Ng5 27.h4 Ne4 28.Qxf3 g5 29.
Qg4 Kh8 30.hxg5 Nxg5 31.Rbe1 axb4 32.Kg2 Rg8 33.Qf5 Rf8 34.Qe5+ Qxe5 35.
dxe5 Ne4 36.Nd3 Rg6 37.Ra1 Rg7 38.Rfb1 Rgf7 39.Rb2 b3 40.Ra3 Ra8 41.Raxb3 
Rxa4 42.Rxb7 Rxb7 43.Rxb7 Ra3 44.e6 Rxd3 45.e7 Nf6 46.Rb8+ Kg7 47.Rf8 Ne8 
48.Rxe8 Kf7 49.Rc8 Kxe7 50.Rxc6 Rc3 51.Rc7+ Ke6 52.Rxh7 Rxc5 53.Rh6+ Kf5 
54.Rh5+ Ke4 55.Rh4+ Ke5 56.Kf3 Rc1 57.Rh5+ Ke6 58.g4 1-0

[Event "9th Asia-ch (women)"]
[Site "Chennai IND"]
[Date "2001.09.03"]
[Round "1"]
[White "Dhar-Barua, Saheli"]
[Black "Sergeeva, Maria"]
[Result "0-1"]
[WhiteElo "2248"]
[BlackElo "2327"]
[EventDate "2001.09.03"]
[PlyCount "64"]

1.e4 c5 2.Nf3 d6 3.d4 cxd4 4.Nxd4 Nf6 5.Nc3 a6 6.Be2 e6 7.O-O Be7 8.a4 Nc6
9.Be3 Qc7 10.Kh1 O-O 11.f4 Re8 12.Bf3 Bd7 13.Nb3 b6 14.g4 Bc8 15.g5 Nd7 
16.Bg2 Bb7 17.Qh5 g6 18.Qh3 Bf8 19.Rf2 Nc5 20.f5 Nxb3 21.fxg6 fxg6 22.Raf1
Nc5 23.e5 Nxe5 24.Bd4 Bxg2+ 25.Kxg2 Bg7 26.Rf4 a5 27.Nb5 Qc6+ 28.Kg1 Rf8 
29.Bxc5 dxc5 30.Qg3 Rxf4 31.Rxf4 Rd8 32.Rf1 Rd2 0-1

[Event "9th Asia-ch (women)"]
[Site "Chennai IND"]
[Date "2001.09.03"]
[Round "1"]
[White "Le Kieu Thien Kim"]
[Black "Khamrakulova, Iroda"]
[Result "0-1"]
[WhiteElo "2307"]
[BlackElo "2217"]
[EventDate "2001.09.03"]
[PlyCount "108"]

1.e4 c5 2.Nf3 d6 3.g3 Nf6 4.d3 g6 5.Bg2 Bg7 6.Nbd2 Nc6 7.O-O O-O 8.Re1 Bd7
9.Nf1 Rb8 10.h3 b5 11.g4 Ne8 12.Ng3 Qc8 13.Kh2 a5 14.Rb1 a4 15.Be3 b4 16.
Qc1 Be6 17.b3 axb3 18.axb3 Na7 19.Bh6 Nb5 20.Bxg7 Kxg7 21.Rg1 f6 22.Bf1 
Qc7 23.Qf4 d5 24.Nf5+ gxf5 25.gxf5+ Kh8 26.Qxc7 Nexc7 27.fxe6 dxe4 28.dxe4
Nxe6 29.Re1 Ned4 30.Nxd4 Nxd4 31.Rg3 e5 32.Bg2 Rg8 33.Rxg8+ Kxg8 34.Rc1 
Ra8 35.Bf1 Kf7 36.Bc4+ Kg6 37.Bd3 Kh5 38.Bc4 Kh4 39.Rd1 Ra2 40.Bd3 Ra7 41.
Bc4 Rg7 42.Rd3 Nxc2 43.Rd6 Kg5 44.h4+ Kxh4 45.Rxf6 Nd4 46.Rf8 Rg4 47.Bd5 
Rf4 48.Rxf4+ exf4 49.Bg8 Kg4 50.Bf7 f3 51.Bd5 Kf4 52.Kh3 Ne2 53.Bg8 h6 54.
Bh7 Nd4 0-1

[Event "9th Asia-ch (women)"]
[Site "Chennai IND"]
[Date "2001.09.03"]
[Round "1"]
[White "Khan, Nazrana"]
[Black "Geldieva, Mekhri"]
[Result "0-1"]
[WhiteElo "2129"]
[BlackElo "2284"]
[EventDate "2001.09.03"]
[PlyCount "92"]

1.d4 d5 2.Nf3 e6 3.Bf4 Nf6 4.e3 Bd6 5.Bxd6 Qxd6 6.c3 Nbd7 7.Nbd2 O-O 8.Bd3
e5 9.dxe5 Nxe5 10.Nxe5 Qxe5 11.O-O Bg4 12.Be2 Bf5 13.Qb3 Rab8 14.Rad1 c6 
15.Rfe1 Rfe8 16.Qa4 Qc7 17.Qh4 h6 18.Nf3 Ne4 19.Qf4 Qc8 20.Nd4 Bd7 21.h3 
g5 22.Qh2 a6 23.Bd3 Nf6 24.Nb3 Kg7 25.Nc5 Bf5 26.Bxf5 Qxf5 27.Nb3 Ne4 28.
g4 Qf6 29.Nd4 Rbd8 30.f4 Nd6 31.Qf2 c5 32.Nb3 Ne4 33.Qf3 b6 34.f5 a5 35.
Nd2 a4 36.Qg2 a3 37.Nxe4 Rxe4 38.Qc2 h5 39.bxa3 Qe5 40.Qf2 hxg4 41.Qg2 Rh8
42.hxg4 Rh4 43.Qf3 Qh2+ 44.Kf1 Rhxg4 45.Qf2 Qh3+ 46.Ke2 Rg2 0-1

[Event "9th Asia-ch (women)"]
[Site "Chennai IND"]
[Date "2001.09.03"]
[Round "1"]
[White "Nguyen Thi Thanh An"]
[Black "Kasturi, M."]
[Result "1-0"]
[WhiteElo "2275"]
[BlackElo "2115"]
[EventDate "2001.09.03"]
[PlyCount "103"]

1.d4 d6 2.c4 Nf6 3.Nc3 g6 4.e4 Bg7 5.Be2 O-O 6.Bg5 Nbd7 7.Nf3 c6 8.O-O Qc7
9.Re1 e5 10.Bf1 Re8 11.d5 Nf8 12.h3 h6 13.Be3 g5 14.h4 g4 15.Nh2 h5 16.g3 
Ng6 17.Qd2 c5 18.Bd3 Kh7 19.a3 Qe7 20.Bg5 b6 21.b4 Ba6 22.Ra2 Rec8 23.b5 
Bb7 24.a4 a5 25.bxa6 Bxa6 26.Rb2 Rcb8 27.Reb1 Qc7 28.f3 gxf3 29.Bxf6 Bxf6 
30.Qf2 Rg8 31.Kh1 Bd8 32.Qxf3 Qd7 33.Qxh5+ Kg7 34.Qf3 Rh8 35.h5 Nf8 36.Rf1
Nh7 37.g4 Ng5 38.Qg3 Qe7 39.Nf3 Nxf3 40.Rxf3 Qg5 41.Rbf2 Ra7 42.Kg2 f6 43.
Rf5 Qh6 44.Qh4 Rg8 45.Nb5 Bxb5 46.axb5 Kh7 47.Be2 Ra2 48.g5 Rxg5+ 49.Rxg5 
fxg5 50.Qg4 Ra7 51.Qf5+ Kh8 52.Qf8+ 1-0

[Event "9th Asia-ch (women)"]
[Site "Chennai IND"]
[Date "2001.09.03"]
[Round "1"]
[White "Prathiba, Yuvarajan"]
[Black "Swathi, Ghate"]
[Result "0-1"]
[WhiteElo "2054"]
[BlackElo "2260"]
[EventDate "2001.09.03"]
[PlyCount "98"]

1.e4 e5 2.Nf3 Nc6 3.Bb5 Nf6 4.O-O Nxe4 5.d4 Nd6 6.Bxc6 dxc6 7.dxe5 Nf5 8.
Qe2 Nd4 9.Nxd4 Qxd4 10.Rd1 Bg4 11.Rxd4 Bxe2 12.Bf4 Rd8 13.Rxd8+ Kxd8 14.
Nc3 Bh5 15.f3 h6 16.Be3 Kc8 17.Ne2 g5 18.Kf2 Bg7 19.f4 Bxe2 20.Kxe2 Re8 
21.Kf3 gxf4 22.Bxf4 Bxe5 23.Re1 f6 24.Bxh6 Rh8 25.Bf4 Bxf4 26.Kxf4 Rxh2 
27.Re2 Rh1 28.Kf5 Rf1+ 29.Kg6 a5 30.a3 c5 31.Kf7 b6 32.Ke6 Kb7 33.c3 Kc6 
34.b4 cxb4 35.cxb4 axb4 36.axb4 Kb5 37.Re4 f5 38.Re5+ Kxb4 39.Rxf5 Rg1 40.
Rf4+ Kb5 41.g4 c5 42.Kd6 c4 43.Rf5+ Kb4 44.Kc6 c3 45.Rf2 Rxg4 46.Kxb6 Rc4 
47.Rc2 Kb3 48.Rc1 c2 49.Kb5 Rc8 0-1

[Event "9th Asia-ch (women)"]
[Site "Chennai IND"]
[Date "2001.09.03"]
[Round "1"]
[White "Huang Qian"]
[Black "Sultana, Zakia"]
[Result "1-0"]
[WhiteElo "2260"]
[BlackElo "2012"]
[EventDate "2001.09.03"]
[PlyCount "80"]

1.d4 d5 2.c4 e6 3.Nc3 Nf6 4.Nf3 c6 5.Bg5 Be7 6.e3 Nbd7 7.Rc1 O-O 8.Bd3 
dxc4 9.Bxc4 b5 10.Bd3 a6 11.O-O Bb7 12.Bb1 Rc8 13.Qe2 c5 14.dxc5 Rxc5 15.
Bh4 Qc8 16.Rcd1 Re8 17.a3 Nf8 18.Nd2 Qc6 19.e4 Ng6 20.Bg3 Qc8 21.Nb3 Rc6 
22.e5 Nd7 23.f4 Ndf8 24.f5 exf5 25.Bxf5 Ne6 26.Na5 Rc7 27.Nxb7 Rxb7 28.Ne4
Rd7 29.Rc1 Qa8 30.Qf2 Rf8 31.Kh1 Rdd8 32.Nd6 Qd5 33.Rcd1 Qb3 34.Qe2 Nc5 
35.Bb1 Qe6 36.Bf5 Qa2 37.Bb1 Qe6 38.Bf5 Qa2 39.Qf3 Bxd6 40.exd6 Na4 1-0

[Event "9th Asia-ch (women)"]
[Site "Chennai IND"]
[Date "2001.09.04"]
[Round "2"]
[White "Gu Xiaobing"]
[Black "Khan, Nazrana"]
[Result "1-0"]
[WhiteElo "2300"]
[BlackElo "2129"]
[EventDate "2001.09.03"]
[PlyCount "53"]

1.e4 c5 2.Nf3 d6 3.d4 cxd4 4.Nxd4 Nf6 5.Nc3 g6 6.Be3 Ng4 7.Bb5+ Bd7 8.Qxg4
Nc6 9.Qd1 Bg7 10.O-O O-O 11.Qd2 Rc8 12.Nxc6 bxc6 13.Bc4 Qa5 14.Rad1 Rb8 
15.Bb3 Be6 16.Bh6 c5 17.Nd5 Qd8 18.Bxg7 Kxg7 19.Qc3+ Kg8 20.e5 Bxd5 21.
Rxd5 Qb6 22.exd6 exd6 23.Rfd1 Rbd8 24.Qf6 Rfe8 25.Rxd6 Qxd6 26.Bxf7+ Kf8 
27.Be6# 1-0

[Event "9th Asia-ch (women)"]
[Site "Chennai IND"]
[Date "2001.09.04"]
[Round "2"]
[White "Thipsay, Bagyashree Sathe"]
[Black "Prathiba, Yuvarajan"]
[Result "1-0"]
[WhiteElo "2241"]
[BlackElo "2054"]
[EventDate "2001.09.03"]
[PlyCount "139"]

1.e4 e6 2.d4 d5 3.e5 c5 4.c3 Qb6 5.Nf3 Bd7 6.a3 a5 7.Nbd2 a4 8.Be2 Bb5 9.
c4 Bc6 10.O-O Nd7 11.cxd5 Bxd5 12.Nc4 Qb3 13.Ne3 Qxd1 14.Rxd1 Bxf3 15.Bxf3
cxd4 16.Nc4 Rc8 17.Rxd4 Nc5 18.Nb6 Rd8 19.Rxd8+ Kxd8 20.Be3 Kc7 21.Bxc5 
Bxc5 22.Nxa4 Bd4 23.Rc1+ Kb8 24.Rd1 Bxe5 25.Rd7 Nh6 26.Rxb7+ Kc8 27.Nb6+ 
Kd8 28.Rd7+ Ke8 29.Bc6 Rg8 30.Rd5+ Ke7 31.Rxe5 Kd6 32.Nc4+ Kxc6 33.b4 Rd8 
34.Rc5+ Kb7 35.Kf1 Rd5 36.Na5+ Kb6 37.Rc3 Kb5 38.Nb3 Nf5 39.Ke2 Nd6 40.Nd2
Ka4 41.Rd3 Nb5 42.Nc4 Rxd3 43.Kxd3 Kb3 44.Nd2+ Kxa3 45.Kc4 Ka4 46.Ne4 Na3+
47.Kc5 Nb5 48.Ng5 Nc7 49.Nxf7 Na6+ 50.Kd6 Nxb4 51.Ne5 Kb5 52.Kxe6 Kc5 53.
f4 Kd4 54.f5 Ke4 55.g4 Nd5 56.Nf7 Ne3 57.h3 Kf4 58.Nd6 Nxg4 59.hxg4 Kxg4 
60.Ne8 h5 61.Nxg7 h4 62.f6 h3 63.f7 h2 64.f8=Q h1=Q 65.Qf5+ Kg3 66.Nh5+ 
Kh2 67.Qe5+ Kg1 68.Qe1+ Kg2 69.Nf4+ Kh2 70.Qf2+ 1-0

[Event "9th Asia-ch (women)"]
[Site "Chennai IND"]
[Date "2001.09.04"]
[Round "2"]
[White "Geldieva, Mekhri"]
[Black "Meenakshi, Subbaraman"]
[Result "1/2-1/2"]
[WhiteElo "2284"]
[BlackElo "2245"]
[EventDate "2001.09.03"]
[PlyCount "108"]

1.d4 d5 2.e3 Bf5 3.Nf3 Nf6 4.c4 e6 5.Qb3 Qc8 6.Nc3 c6 7.Bd2 h6 8.Rc1 Nbd7 
9.Be2 Be7 10.O-O O-O 11.Ne5 Ne4 12.Nxe4 Bxe4 13.cxd5 Bxd5 14.Qc2 Nxe5 15.
dxe5 c5 16.e4 Bc6 17.Be3 Qd8 18.f4 Rc8 19.Bf3 Qa5 20.f5 exf5 21.exf5 c4 
22.Bf4 Bg5 23.Bxg5 hxg5 24.Rce1 Rfe8 25.e6 Bxf3 26.gxf3 fxe6 27.fxe6 Qb6+ 
28.Kh1 Rxe6 29.Qf5 Rce8 30.Qd5 Qc6 31.Qxc6 bxc6 32.Rxe6 Rxe6 33.Rf2 c3 34.
bxc3 Re1+ 35.Kg2 Rc1 36.Rd2 Rxc3 37.Rd8+ Kh7 38.Kg3 Ra3 39.Rd2 Kg6 40.Rd6+
Kh5 41.Rxc6 Rxa2 42.Rc5 Kh6 43.Rc6+ g6 44.Rc7 a5 45.Ra7 a4 46.Kh3 Ra1 47.
Kg3 Rg1+ 48.Kf2 Ra1 49.Kg2 a3 50.Kh3 Ra2 51.Kg3 Ra1 52.Kh3 Ra2 53.Kg3 Ra1 
54.Kf2 Ra2+ 1/2-1/2

[Event "9th Asia-ch (women)"]
[Site "Chennai IND"]
[Date "2001.09.04"]
[Round "2"]
[White "Yu Ting"]
[Black "Vijayalakshmi, Subbaraman"]
[Result "0-1"]
[WhiteElo "2256"]
[BlackElo "2397"]
[EventDate "2001.09.03"]
[PlyCount "60"]

1.e4 e5 2.Nf3 Nc6 3.d4 exd4 4.Bc4 Bc5 5.c3 d6 6.cxd4 Bb4+ 7.Nc3 Nf6 8.Bg5 
h6 9.Bxf6 Qxf6 10.O-O Bxc3 11.bxc3 O-O 12.Ne1 Qf4 13.Bd3 Ne7 14.Bc2 c5 15.
g3 Qf6 16.f4 Bh3 17.Rf2 cxd4 18.Qd3 dxc3 19.e5 Qf5 20.Qxc3 Qe6 21.Bb3 d5 
22.Nf3 Rac8 23.Qd2 Qb6 24.Nd4 Rfd8 25.Qd3 Nc6 26.Nxc6 Rxc6 27.Re1 Rdc8 28.
Bd1 Rc1 29.Qf3 R8c2 30.a3 Bg4 0-1

[Event "9th Asia-ch (women)"]
[Site "Chennai IND"]
[Date "2001.09.04"]
[Round "2"]
[White "Sultana, Zakia"]
[Black "Dhar-Barua, Saheli"]
[Result "1/2-1/2"]
[WhiteElo "2012"]
[BlackElo "2248"]
[EventDate "2001.09.03"]
[PlyCount "112"]

1.d4 f5 2.g3 Nf6 3.Bg2 g6 4.Nh3 Bg7 5.O-O O-O 6.c4 d6 7.Nc3 c6 8.f4 e5 9.
e3 Nbd7 10.Nf2 Qe7 11.Re1 Re8 12.Bd2 Qf7 13.b3 exd4 14.exd4 Ne4 15.Ncxe4 
fxe4 16.Be3 Nf6 17.Rc1 Bd7 18.Qc2 d5 19.Qd2 Rac8 20.c5 Rcd8 21.Qb4 Bc8 22.
Qa5 a6 23.Qd2 Rf8 24.b4 Ne8 25.Rf1 Nc7 26.a4 Bf6 27.Rcd1 Rde8 28.Rb1 Qg7 
29.Rbd1 Ne6 30.Rfe1 Nxd4 31.Bxd4 e3 32.Bxe3 d4 33.Bxd4 Rxe1+ 34.Rxe1 Bxd4 
35.Qa2+ Kh8 36.Kh1 Bc3 37.Rb1 Qd4 38.b5 axb5 39.axb5 Bf5 40.Rd1 Qxc5 41.
bxc6 bxc6 42.Rc1 Qe3 43.Qa3 Re8 44.Qxc3+ Qxc3 45.Rxc3 Re1+ 46.Bf1 Rxf1+ 
47.Kg2 Ra1 48.Rxc6 Ra2 49.Rc1 Be4+ 50.Kg1 Bf3 51.h3 Kg7 52.Rc7+ Kf6 53.Rc1
Ke6 54.g4 Kd5 55.Kf1 Kd4 56.Re1 Rc2 1/2-1/2

[Event "9th Asia-ch (women)"]
[Site "Chennai IND"]
[Date "2001.09.04"]
[Round "2"]
[White "Ramaswamy, Aarthie"]
[Black "Levushkina, Elena"]
[Result "1-0"]
[WhiteElo "2249"]
[BlackElo "2208"]
[EventDate "2001.09.03"]
[PlyCount "161"]

1.e4 e5 2.Nf3 Nf6 3.Nxe5 d6 4.Nf3 Nxe4 5.d4 d5 6.Bd3 Bd6 7.O-O O-O 8.c4 c6
9.Nc3 Nxc3 10.bxc3 Bg4 11.Rb1 dxc4 12.Bxc4 b5 13.Bd3 Nd7 14.h3 Bh5 15.Re1 
Nb6 16.Be4 Bg6 17.Qc2 Re8 18.Bg5 Qd7 19.Bxg6 hxg6 20.Rbd1 Qf5 21.Qb3 Qd5 
22.Bc1 a5 23.Bd2 Qxb3 24.axb3 a4 25.bxa4 Rxe1+ 26.Rxe1 bxa4 27.Ra1 Nc4 28.
Bc1 a3 29.Nd2 Nxd2 30.Bxd2 a2 31.Kf1 c5 32.dxc5 Bxc5 33.Ke2 Kf8 34.Be3 
Bxe3 35.Kxe3 Ke7 36.Kd3 Kd6 37.Kc4 Ra6 38.f3 Ke5 39.Kb3 Rb6+ 40.Kxa2 Kd5 
41.Rb1 Re6 42.Kb3 Kc5 43.Ra1 Rb6+ 44.Kc2 Rd6 45.Ra5+ Kc4 46.Ra4+ Kc5 47.
Re4 Ra6 48.Kd3 Ra7 49.h4 Rd7+ 50.Rd4 Re7 51.Rd8 Rc7 52.c4 Ra7 53.Rc8+ Kd6 
54.Rg8 f6 55.Kd4 Kc6 56.Rc8+ Kd7 57.Rb8 Kc6 58.Rb2 Rd7+ 59.Kc3 Kc5 60.Ra2 
Re7 61.Ra5+ Kb6 62.Rd5 Kc6 63.Rd4 Re2 64.Rg4 Kc5 65.Rxg6 Re3+ 66.Kd2 Re7 
67.Kd3 Rd7+ 68.Kc3 Re7 69.Rg4 Re3+ 70.Kd2 Re7 71.Kd3 Ra7 72.Ke3 Rf7 73.h5 
f5 74.Rg5 Kxc4 75.Kf4 Kd4 76.Rxf5 Re7 77.Kg5 Ke3 78.Kg6 Kf2 79.g4 Kg3 80.
Rf7 Rxf7 81.Kxf7 1-0

[Event "9th Asia-ch (women)"]
[Site "Chennai IND"]
[Date "2001.09.04"]
[Round "2"]
[White "Swathi, Ghate"]
[Black "Mohota, Nisha"]
[Result "0-1"]
[WhiteElo "2260"]
[BlackElo "2236"]
[EventDate "2001.09.03"]
[PlyCount "56"]

1.e4 c6 2.d4 d5 3.e5 Bf5 4.Nc3 h5 5.Be2 e6 6.Bxh5 c5 7.Be2 Nc6 8.Nf3 Bg4 
9.Be3 Bxf3 10.gxf3 Nge7 11.Bb5 cxd4 12.Bxd4 Nf5 13.Qd2 Nxd4 14.Qxd4 Rh4 
15.Qd3 Qc7 16.O-O-O O-O-O 17.Bxc6 Qxc6 18.Rdg1 g6 19.Rg4 Rh5 20.f4 Bc5 21.
Nb5 d4 22.Rhg1 a6 23.Na3 Bxa3 24.Qxa3 d3 25.Qb3 Rh3 26.Kb1 d2 27.c3 Qe4+ 
28.Qc2 Rhd3 0-1

[Event "9th Asia-ch (women)"]
[Site "Chennai IND"]
[Date "2001.09.04"]
[Round "2"]
[White "Kasturi, M."]
[Black "Zhao Xue"]
[Result "0-1"]
[WhiteElo "2115"]
[BlackElo "2372"]
[EventDate "2001.09.03"]
[PlyCount "58"]

1.e4 c5 2.c3 g6 3.d4 cxd4 4.cxd4 d5 5.e5 Nc6 6.Nc3 Bg7 7.Bb5 Nh6 8.h3 O-O 
9.Nf3 Bf5 10.O-O Be4 11.Be3 Nf5 12.Bxc6 bxc6 13.g4 Nxe3 14.fxe3 Bh6 15.Qe2
f5 16.exf6 exf6 17.Nxe4 dxe4 18.Nd2 f5 19.gxf5 gxf5 20.Nc4 Qh4 21.Kh2 Kh8 
22.Rg1 Rae8 23.Ne5 c5 24.Qg2 Re7 25.Rae1 cxd4 26.exd4 Rg7 27.Qf1 Bf4+ 28.
Kh1 Rxg1+ 29.Kxg1 Qg3+ 0-1

[Event "9th Asia-ch (women)"]
[Site "Chennai IND"]
[Date "2001.09.04"]
[Round "2"]
[White "Khegai, Angela"]
[Black "Li Ruofan"]
[Result "1-0"]
[WhiteElo "2235"]
[BlackElo "2293"]
[EventDate "2001.09.03"]
[PlyCount "75"]

1.d4 Nf6 2.c4 c5 3.d5 b5 4.cxb5 a6 5.b6 d6 6.Nc3 Nbd7 7.a4 Qxb6 8.a5 Qb4 
9.Ra4 Qb8 10.e4 g6 11.Nf3 Bg7 12.Be2 O-O 13.O-O Ne8 14.Qc2 Nc7 15.Bg5 Re8 
16.Ra3 Ra7 17.Rb3 Rb7 18.Bc4 Nb5 19.Rd1 Ne5 20.Nxe5 Bxe5 21.Ne2 Bg4 22.f3 
Bd7 23.Be3 Nc7 24.Rxb7 Qxb7 25.b3 Bb5 26.Qd2 Bxc4 27.bxc4 Qb3 28.Qd3 Rb8 
29.f4 Bb2 30.Kf2 Qa4 31.Rb1 Qxa5 32.Qc2 Qb4 33.Nc1 Qa3 34.Nd3 Rb3 35.Ke2 
Kg7 36.Bd2 a5 37.Bc1 f6 38.Bxb2 1-0

[Event "9th Asia-ch (women)"]
[Site "Chennai IND"]
[Date "2001.09.05"]
[Round "3"]
[White "Vijayalakshmi, Subbaraman"]
[Black "Khegai, Angela"]
[Result "1-0"]
[WhiteElo "2397"]
[BlackElo "2235"]
[EventDate "2001.09.03"]
[PlyCount "133"]

1.c4 Nf6 2.g3 g6 3.Bg2 Bg7 4.Nc3 O-O 5.Nf3 d6 6.O-O e5 7.d4 Nbd7 8.e4 c6 
9.h3 Re8 10.Re1 exd4 11.Nxd4 Nc5 12.b3 a5 13.Bf4 h6 14.Qc2 a4 15.Rad1 Nh5 
16.Be3 Qa5 17.Rb1 axb3 18.axb3 Qc7 19.b4 Ne6 20.Nde2 Ng5 21.g4 Nf6 22.Red1
Nd7 23.f4 Nh7 24.Kh1 f5 25.gxf5 gxf5 26.Bd4 Ndf6 27.exf5 Qf7 28.c5 d5 29.
Ng3 h5 30.Rg1 h4 31.Nf1 Qh5 32.Ne3 Rxe3 33.Bxe3 Bxf5 34.Qf2 Bxb1 35.Nxb1 
Re8 36.Nc3 Nf8 37.Bd4 Kh8 38.Bf3 Qh6 39.f5 N8d7 40.Rg6 Qf4 41.Ne2 Qxf5 42.
Qxh4+ Kg8 43.Qg3 Re7 44.Ng1 Rf7 45.Rg5 Qh7 46.Qg2 Qh4 47.Ne2 Kf8 48.Bc3 
Bh6 49.Rg6 Rg7 50.Rxg7 Bxg7 51.Nd4 Bh6 52.Nf5 Qf4 53.Nxh6 Qxh6 54.Bd2 Qh4 
55.Bg5 Qe1+ 56.Kh2 Qxb4 57.Bh6+ Ke7 58.Qe2+ Kd8 59.Bg5 Qxc5 60.h4 Qd6+ 61.
Kg2 Kc8 62.h5 Ne5 63.Bf4 Ne4 64.Bxe4 Qf6 65.Bf5+ Qxf5 66.Qxe5 Qf7 67.h6 
1-0

[Event "9th Asia-ch (women)"]
[Site "Chennai IND"]
[Date "2001.09.05"]
[Round "3"]
[White "Mohota, Nisha"]
[Black "Sergeeva, Maria"]
[Result "1/2-1/2"]
[WhiteElo "2236"]
[BlackElo "2327"]
[EventDate "2001.09.03"]
[PlyCount "119"]

1.b3 e5 2.Bb2 d6 3.e3 f5 4.g3 Nf6 5.Bg2 Nc6 6.Ne2 g6 7.c4 Bg7 8.Nbc3 O-O 
9.O-O Nh5 10.Nd5 Ne7 11.b4 c6 12.Nxe7+ Qxe7 13.d3 f4 14.Nc3 Qf7 15.Qf3 g5 
16.exf4 exf4 17.g4 Nf6 18.h3 h5 19.gxh5 g4 20.Qxf4 Qxh5 21.Qg3 gxh3 22.Bf3
Ng4 23.Bxg4 Bxg4 24.f3 h2+ 25.Qxh2 Bd4+ 26.Rf2 Qxh2+ 27.Kxh2 Bxf2 28.fxg4 
Bd4 29.Kg3 Rf2 30.Rb1 Rxb2 31.Rxb2 Bxc3 32.Rb3 Be5+ 33.Kf3 Rf8+ 34.Ke3 Rf4
35.b5 Rxg4 36.bxc6 bxc6 37.Rb8+ Kh7 38.Rc8 c5 39.Ra8 Rg7 40.Ke4 Kg6 41.a4 
Kf6 42.Kd5 Bc3 43.Kxd6 Bb4 44.a5 Bxa5 45.Kxc5 Ke6 46.Kb5 Bc3 47.c5 Bd4 48.
Kc4 Bg1 49.d4 Rc7 50.Re8+ Re7 51.Rd8 Kf5 52.Kd5 a5 53.c6 Bh2 54.Rf8+ Kg6 
55.Ra8 Rf7 56.Kc5 Bc7 57.d5 Kg7 58.Rc8 Bf4 59.Re8 Bc7 60.Rc8 1/2-1/2

[Event "9th Asia-ch (women)"]
[Site "Chennai IND"]
[Date "2001.09.05"]
[Round "3"]
[White "Huang Qian"]
[Black "Khamrakulova, Iroda"]
[Result "1-0"]
[WhiteElo "2260"]
[BlackElo "2217"]
[EventDate "2001.09.03"]
[PlyCount "83"]

1.d4 d5 2.c4 e6 3.Nc3 Nf6 4.Bg5 Be7 5.Nf3 O-O 6.e3 Nbd7 7.Rc1 a6 8.cxd5 
exd5 9.Bd3 h6 10.Bh4 b6 11.O-O Bb7 12.Bb1 Rc8 13.Ne5 Ne4 14.Bxe7 Qxe7 15.
Nxe4 dxe4 16.Nc6 Bxc6 17.Rxc6 Nb8 18.Rc3 Nd7 19.Qc2 Nf6 20.Rc6 Rfe8 21.Rc1
Nd5 22.a3 Qg5 23.Ba2 Ne7 24.Rxc7 Rxc7 25.Qxc7 Rc8 26.Qxc8+ Nxc8 27.Rxc8+ 
Kh7 28.Bxf7 Qb5 29.h4 Qd7 30.Bg8+ Kg6 31.Rc1 Kh5 32.d5 g5 33.Be6 Qb5 34.d6
Qxb2 35.Rd1 Qc2 36.Rd4 gxh4 37.d7 Qc1+ 38.Kh2 Qc7+ 39.Kh3 Qd8 40.Rc4 Qf6 
41.Bg4+ Kg5 42.Rc8 1-0

[Event "9th Asia-ch (women)"]
[Site "Chennai IND"]
[Date "2001.09.05"]
[Round "3"]
[White "Zhao Xue"]
[Black "Geldieva, Mekhri"]
[Result "1-0"]
[WhiteElo "2372"]
[BlackElo "2284"]
[EventDate "2001.09.03"]
[PlyCount "157"]

1.e4 c5 2.Nf3 Nc6 3.d4 cxd4 4.Nxd4 Nf6 5.Nc3 e5 6.Ndb5 d6 7.Bg5 a6 8.Na3 
b5 9.Nd5 Be7 10.Bxf6 Bxf6 11.c3 O-O 12.Nc2 Bg5 13.a4 bxa4 14.Rxa4 a5 15.
Bc4 Kh8 16.O-O f5 17.exf5 Bxf5 18.Nce3 Bd7 19.b3 Ne7 20.Ra2 Ng6 21.Bd3 
Bxe3 22.Nxe3 Nf4 23.Be4 Ra6 24.Nd5 Qg5 25.Nxf4 Qxf4 26.Qd3 Rb6 27.c4 Rfb8 
28.Rxa5 g6 29.Ra3 Bf5 30.f3 Qg5 31.Qc3 Qe7 32.Rfa1 Qc7 33.Bd5 Qc5+ 34.Kh1 
Qf2 35.g4 Bd7 36.Qc1 Bc6 37.R1a2 Qc5 38.Ra5 Qd4 39.Bxc6 Rxc6 40.Ra7 e4 41.
Rf7 exf3 42.Rxf3 Qe4 43.Qb2+ Kg8 44.Qg2 d5 45.Re2 Qd4 46.Rd2 Qe4 47.h3 Ra6
48.Rxd5 Ra1+ 49.Kh2 Re1 50.Rd2 Ra8 51.Rg3 Qe8 52.Qd5+ Kh8 53.Rg1 Qb8+ 54.
Qd6 Qxd6+ 55.Rxd6 Re3 56.Rb6 Ra3 57.Rg3 Ra2+ 58.Rg2 Ra1 59.Rd2 Kg7 60.g5 
Kf7 61.c5 Rc1 62.b4 Rcc3 63.Rb7+ Ke6 64.Rxh7 Kf5 65.h4 Kg4 66.Kg2 Rg3+ 67.
Kf1 Ra3 68.Re7 Kf3 69.Rf2+ Kg4 70.Re4+ Kh3 71.Rc2 Raf3+ 72.Ke2 Rb3 73.Kd2 
Rg2+ 74.Re2 Rgg3 75.c6 Rgd3+ 76.Kc1 Rd8 77.c7 Rc8 78.Rc4 Kg3 79.Rd2 1-0

[Event "9th Asia-ch (women)"]
[Site "Chennai IND"]
[Date "2001.09.05"]
[Round "3"]
[White "Gokhale, Anupama"]
[Black "Wang Yu"]
[Result "0-1"]
[WhiteElo "2251"]
[BlackElo "2382"]
[EventDate "2001.09.03"]
[PlyCount "82"]

1.d4 Nf6 2.c4 c5 3.d5 e6 4.Nc3 exd5 5.cxd5 d6 6.e4 g6 7.f4 Bg7 8.Bb5+ Nbd7
9.a4 O-O 10.Nf3 Ne8 11.O-O Nc7 12.Be2 a6 13.Kh1 Rb8 14.e5 dxe5 15.fxe5 
Nxe5 16.Bf4 f6 17.Ne4 Kh8 18.Nxe5 fxe5 19.Bg5 Qxd5 20.Rxf8+ Bxf8 21.Qf1 
Bf5 22.Nf6 Qf7 23.Ng4 Bg7 24.Nh6 Qf8 25.Qc1 Ne6 26.Be3 Qf6 27.Bc4 Rc8 28.
a5 Rc7 29.Qd2 Nd4 30.Rf1 Rd7 31.Bg5 Qf8 32.Nxf5 gxf5 33.Qf2 f4 34.Qh4 Nf5 
35.Qh3 Rd4 36.Be6 Ne3 37.Re1 Qd6 38.Bf5 Nxf5 39.Qxf5 Qd7 40.Qc2 Rd2 41.
Qxc5 Qg4 0-1

[Event "9th Asia-ch (women)"]
[Site "Chennai IND"]
[Date "2001.09.05"]
[Round "3"]
[White "Le Kieu Thien Kim"]
[Black "Yu Ting"]
[Result "1/2-1/2"]
[WhiteElo "2307"]
[BlackElo "2256"]
[EventDate "2001.09.03"]
[PlyCount "104"]

1.d4 Nf6 2.Nf3 e6 3.Bf4 b6 4.e3 Bb7 5.Nbd2 Be7 6.h3 O-O 7.c3 d6 8.Bd3 c5 
9.Qe2 Nc6 10.O-O Nd7 11.Nc4 Nf6 12.a4 a6 13.Rfd1 Nd5 14.Bh2 b5 15.axb5 
axb5 16.Rxa8 Bxa8 17.Na3 c4 18.Bb1 Nc7 19.e4 g6 20.Nc2 Nb8 21.Ne3 Nd7 22.
e5 Nb6 23.Ng4 Ncd5 24.Qd2 f5 25.exf6 Nxf6 26.Qe2 Qd7 27.Nxf6+ Bxf6 28.Be4 
Bxe4 29.Qxe4 Na4 30.Rd2 Kg7 31.Re2 Re8 32.Bf4 Nb6 33.h4 Nd5 34.Bd2 Qf7 35.
Nh2 Kg8 36.Nf3 Kg7 37.Qg4 Bd8 38.Bg5 Bf6 39.Qg3 Qe7 40.h5 Rf8 41.Re4 Re8 
42.hxg6 hxg6 43.Rg4 Rg8 44.Nh4 Kf7 45.Bxf6 Qxf6 46.Qxd6 g5 47.Nf3 Qf5 48.
Ne5+ Kf6 49.Nd7+ Kf7 50.Ne5+ Kf6 51.Nd7+ Kf7 52.Ne5+ Kf6 1/2-1/2

[Event "9th Asia-ch (women)"]
[Site "Chennai IND"]
[Date "2001.09.05"]
[Round "3"]
[White "Li Ruofan"]
[Black "Thipsay, Bagyashree Sathe"]
[Result "1-0"]
[WhiteElo "2293"]
[BlackElo "2241"]
[EventDate "2001.09.03"]
[PlyCount "69"]

1.e4 c6 2.d4 d5 3.e5 Bf5 4.c3 e6 5.Be3 Nd7 6.Nd2 Ne7 7.f4 h5 8.Be2 Bg6 9.
Ngf3 Nf5 10.Bf2 Be7 11.O-O Qc7 12.a4 O-O-O 13.b4 Rdg8 14.b5 Nb8 15.c4 dxc4
16.Nxc4 Rd8 17.Qb3 Kd7 18.Rab1 b6 19.Rbc1 c5 20.Nd6 Nxd6 21.dxc5 bxc5 22.
Rxc5 Qb7 23.exd6 Bxd6 24.Ne5+ Bxe5 25.Rxe5 Be4 26.f5 Rh6 27.fxe6+ Rxe6 28.
Rd1+ Kc8 29.Rc5+ Bc6 30.Bc4 Rxd1+ 31.Qxd1 Rf6 32.bxc6 Qb4 33.c7 Nd7 34.
Ba6+ Rxa6 35.Qxd7+ 1-0

[Event "9th Asia-ch (women)"]
[Site "Chennai IND"]
[Date "2001.09.05"]
[Round "3"]
[White "Levushkina, Elena"]
[Black "Swathi, Ghate"]
[Result "1-0"]
[WhiteElo "2208"]
[BlackElo "2260"]
[EventDate "2001.09.03"]
[PlyCount "55"]

1.e4 c5 2.Nf3 e6 3.c3 d5 4.exd5 Qxd5 5.d4 g6 6.Be3 cxd4 7.Bxd4 f6 8.Nbd2 
Bg7 9.Bc4 Qc6 10.Qb3 Kf7 11.O-O Ne7 12.Rfe1 Nd5 13.Ne4 Rd8 14.Rad1 Na6 15.
Bb5 Qc7 16.c4 Ne7 17.Bc3 Rxd1 18.Rxd1 Nc5 19.Nxc5 Qxc5 20.Bb4 Qb6 21.Rd6 
Qc7 22.Qd3 e5 23.c5 Bf5 24.Qc4+ Kf8 25.Ba4 b5 26.Bxb5 Rc8 27.Ba4 Ng8 28.c6
1-0

[Event "9th Asia-ch (women)"]
[Site "Chennai IND"]
[Date "2001.09.05"]
[Round "3"]
[White "Dhar-Barua, Saheli"]
[Black "Hamid, Rani"]
[Result "1-0"]
[WhiteElo "2248"]
[BlackElo "2130"]
[EventDate "2001.09.03"]
[PlyCount "111"]

1.e4 c5 2.Nf3 Nc6 3.d4 cxd4 4.Nxd4 Qc7 5.Nc3 e6 6.Be2 a6 7.O-O Nf6 8.Be3 
Be7 9.f4 d6 10.a4 O-O 11.Kh1 Bd7 12.Nb3 Na5 13.e5 Ne8 14.Nxa5 Qxa5 15.Ne4 
d5 16.Ng3 Rc8 17.c3 g6 18.Bd3 Ng7 19.Bd4 f5 20.exf6 Bxf6 21.Ne2 Bxd4 22.
Nxd4 Qc7 23.Qd2 Rf7 24.Rae1 Rcf8 25.g3 Bxa4 26.Nxe6 Nxe6 27.Rxe6 Bc6 28.
Kg1 Bd7 29.Re5 Qc6 30.Qe3 Bh3 31.Rf2 Qa4 32.Rd2 Qa1+ 33.Qe1 Qxe1+ 34.Rxe1 
Bf5 35.Re5 Rd8 36.Bc4 Kf8 37.Rdxd5 Rfd7 38.Kf2 b5 39.Rxd7 Rxd7 40.Bd5 a5 
41.Bc6 Rd2+ 42.Re2 Rxe2+ 43.Kxe2 b4 44.cxb4 axb4 45.Ke3 Ke7 46.Kd4 Bb1 47.
Bd5 Kd6 48.Bg8 h6 49.Kc4 g5 50.Kxb4 gxf4 51.gxf4 Ke7 52.Kc5 Kf6 53.Kd4 Bg6
54.b4 Be8 55.Bh7 Ba4 56.Kc5 1-0